TENWEK HOSP HOME | SOC  | ASK A LIBRARIANSTAFF LOGIN  |  DIGITAL REPOSITORYe-BOOK PORTAL  |  OFF-CAMPUS PORTAL  |  DONATE

Selected subjects for critical care nurses / (Record no. 3734)

MARC details
000 -LEADER
fixed length control field 00824nam a2200253 a 4500
001 - CONTROL NUMBER
control field 1743680
003 - CONTROL NUMBER IDENTIFIER
control field Ke-BoTe
005 - DATE AND TIME OF LATEST TRANSACTION
control field 20231201020003.0
008 - FIXED-LENGTH DATA ELEMENTS--GENERAL INFORMATION
fixed length control field 810921s1975 mtuak b 001 0 eng
010 ## - LIBRARY OF CONGRESS CONTROL NUMBER
LC control number 75013139
020 ## - INTERNATIONAL STANDARD BOOK NUMBER
International Standard Book Number 0878420576 :
Terms of availability $8.50
040 ## - CATALOGING SOURCE
Original cataloging agency DLC
Transcribing agency DLC
Modifying agency DLC
050 00 - LIBRARY OF CONGRESS CALL NUMBER
Classification number RT120.I5
Item number H353
082 00 - DEWEY DECIMAL CLASSIFICATION NUMBER
Classification number 616/.028
Edition number 19
100 1# - MAIN ENTRY--PERSONAL NAME
Personal name Hamilton, Ardith J.,
Dates associated with a name 1946-
9 (RLIN) 7928
245 10 - TITLE STATEMENT
Title Selected subjects for critical care nurses /
Statement of responsibility, etc. Ardith J. Hamilton.
260 ## - PUBLICATION, DISTRIBUTION, ETC.
Place of publication, distribution, etc. Missoula, Mont. :
Name of publisher, distributor, etc. Mountain Press Pub. Co ;
Date of publication, distribution, etc. c1975, 1976 printing.
300 ## - PHYSICAL DESCRIPTION
Extent vii, 211 p . :
Other physical details ill .;
Dimensions 28 cm .
500 ## - GENERAL NOTE
General note Includes index.
504 ## - BIBLIOGRAPHY, ETC. NOTE
Bibliography, etc. note Bibliography: p. 210-211.
650 #0 - SUBJECT ADDED ENTRY--TOPICAL TERM
Topical term or geographic name entry element Intensive care nursing
General subdivision Outlines, syllabi, etc.
9 (RLIN) 7912
906 ## - LOCAL DATA ELEMENT F, LDF (RLIN)
a 7
b cbc
c orignew
d 2
e ocip
f 19
g y-gencatlg
942 ## - ADDED ENTRY ELEMENTS (KOHA)
Source of classification or shelving scheme Library of Congress Classification
Koha item type Books
Suppress in OPAC No
Koha issues (borrowed), all copies 1
Holdings
Withdrawn status Lost status Source of classification or shelving scheme Damaged status Not for loan Collection code Home library Current library Shelving location Date acquired Total Checkouts Full call number Barcode Date last seen Date last checked out Price effective from Koha item type
    Library of Congress Classification     Non-fiction SCHOOL OF HEALTH SCIENCES SCHOOL OF HEALTH SCIENCES General Stacks 08.06.2022 1 RT120.I5.H35 1975 00003832 15.12.2023 30.11.2023 08.06.2022 Books